000 00557nam a22001577a 4500
003 NUST - PNEC
005 20170116181059.0
008 151002b xxu||||| |||| 00| 0 eng d
020 _a0837174732
040 _cLIBRARY
082 _a940.539 SOU
245 _aThe southwest Pacific and the war. Lectures delivered under the auspices of the Committee on international relations on the Los Angeles campus of the University of California, spring 1943.
260 _cc.1974
650 _912273
_aWorld War--(1939-1945)
_xHistory, Geography
942 _2ddc
_cBK
999 _c68694
_d68694